00758nam a2200241 a 450000100060000000300080000600500170001400800410003102000280007202000350010003500190013504000320015404100080018608200240019410000190021824500670023726000340030430000240033850400630036265000310042570000190045683000410047569938BD-RjUL20211209081940.0170415s1995 nyu b 001 0 eng d a0387945253 (alk. paper) a0387945261 (pbk. : alk. paper) a(BD-RjUL)70150 aDLCcDLCdDLCdBD-RjULbeng aeng00223a512.2bALG 19951 aAlperin, J. L.10aGroups and representations /cJ.L. Alperin with Rowen B. Bell. aNew York :bSpringer,cc1995. ax, 194 p. ;c25 cm. aIncludes bibliographical references (p.185-186) and index. 0aRepresentations of groups.1 aBell, Rowen B. aGraduate texts in mathematics ;v162